ბათუმის შოთა რუსთაველის სახელმწიფო უნივერსიტეტის ბიბლიოთეკა

ეს ქალაქი ვისია? (ბიბ.ჩანაწერი № 43217)

000 -LEADER
fixed length control field 00716nam a2200229Ia 4500
001 - CONTROL NUMBER
control field 9942
003 - CONTROL NUMBER IDENTIFIER
control field GE_BSU
008 - FIXED-LENGTH DATA ELEMENTS--GENERAL INFORMATION
fixed length control field 181216s||||||||xx |||||||||||||| ||und||
040 ## - CATALOGING SOURCE
Transcribing agency GE_BSU
080 ## - UNIVERSAL DECIMAL CLASSIFICATION NUMBER
Universal Decimal Classification number 82-93
100 ## - MAIN ENTRY--PERSONAL NAME
Personal name ნიქაბაძე,ჯანსუღ
245 ## - TITLE STATEMENT
Title ეს ქალაქი ვისია?
245 ## - TITLE STATEMENT
Remainder of title ლექსები
245 ## - TITLE STATEMENT
Statement of responsibility, etc. რედ:ჯ.ბაჯელიძე;მხატვ:ჯ.ყაველაშვილი
260 ## - PUBLICATION, DISTRIBUTION, ETC.
Place of publication, distribution, etc. თბილისი.
260 ## - PUBLICATION, DISTRIBUTION, ETC.
Name of publisher, distributor, etc. ნაკადული.
260 ## - PUBLICATION, DISTRIBUTION, ETC.
Date of publication, distribution, etc. 1969.
300 ## - PHYSICAL DESCRIPTION
Extent 48გვ;ილ;21სმ.
653 ## - INDEX TERM--UNCONTROLLED
Uncontrolled term ეს ქალაქი ვისია?
653 ## - INDEX TERM--UNCONTROLLED
Uncontrolled term ლექსები
942 ## - ADDED ENTRY ELEMENTS (KOHA)
Koha item type წიგნი
ეგზემპლარები
Withdrawn status Lost status Damaged status Not for loan Date acquired Barcode Date last seen Price effective from Koha item type
        2018-12-17 32972 2018-12-17 2018-12-17 წიგნი
        2018-12-17 32973 2018-12-17 2018-12-17 წიგნი